Di dân tự do - Một số vấn đề cơ bản /
Gardado en:
| Autor Principal: | |
|---|---|
| Formato: | Artigo |
| Idioma: | Vietnamese |
| Những chủ đề: | |
| Các nhãn: |
Engadir etiqueta
Sen Etiquetas, Sexa o primeiro en etiquetar este rexistro!
|
| Thư viện lưu trữ: | Thư viện Trường Đại học Đà Lạt |
|---|
| LEADER | 00720nam a2200253 4500 | ||
|---|---|---|---|
| 001 | DLU090090501 | ||
| 005 | ##20090220 | ||
| 040 | # | # | |a DLU |b vie |
| 041 | # | # | |a vie |
| 044 | # | # | |a vn |
| 100 | # | # | |a Trần Trọng Hựu. |
| 245 | # | # | |a Di dân tự do - Một số vấn đề cơ bản / |c Trần Trọng Hựu. |
| 653 | # | # | |a Di cư tự do |
| 653 | # | # | |a Pháp lý |
| 773 | # | # | |t Nhà nước và pháp luật |g Số 10(126), 1998, tr.3-10 |
| 920 | # | # | |a Phòng Tạp chí -- Trung tâm Thông tin - Thư viện Trường Đại học Đà Lạt |
| 994 | # | # | |a DLU |
| 900 | # | # | |a True |
| 911 | # | # | |a Nguyễn Thị Mai Anh |
| 925 | # | # | |a G |
| 926 | # | # | |a A |
| 927 | # | # | |a BB |
| 980 | # | # | |a Thư viện Trường Đại học Đà Lạt |